000 01046nam0a22003011 4500
001 RU\INGAK2\INFOCOMM_322\NLR\5000174423
005 20250625202921.0
010 _9200038 экз.
_a5-05-000531-0
035 _a(NLR Aleph) 011041161
090 _a11154043
_c11154043
100 _a20130213d1985 |||y0rusy50 ca
101 1 _apol
_crus
102 _aPL
_aRU
105 _ay z||||
200 1 _aDzielny marcin
_eBajka
_fTatjana Makarowa
_gPrzeł. z ros. Danuta Wawiłow
_gIl. Giennadij Pawliszyn
210 _aWarszawa
_cKsiążka i wiedza
_aM.
_cRaduga
_d1985
215 _a[20] с.
_cцв. ил.
_d28 см
300 _aВ вып. дан.: Отважный муравей / Т. Макарова
517 1 _aОтважный муравей
_zrus
620 _aМосква
686 _aДл550-1
_2rubbk
700 1 _9z01790
_aMakarova
_bT. K.
_gTat'jana Konstantinovna
790 1 _9z01700
_aMakarowa
_bT.
_gTatjana
_4070
801 1 _aRU
_bInfoComm
_c20130213
801 0 _aRU
_bNLR
_gPSBO
852 _aNLR
_jСл Пол-4/4119
942 _cBOOK
980 _aNB